[Event "Utrecht OKU op 50th"]
[Site "Utrecht"]
[Date "2025.05.31"]
[Round "4"]
[White "Van Batenburg, Mees"]
[Black "Ten Hertog, Hugo"]
[Result "0-1"]
[WhiteElo "2215"]
[BlackElo "2524"]
[PlyCount "62"]
[EventDate "2025.05.30"]
[EventType "swiss"]
[EventRounds "6"]
[EventCountry "NED"]
[SourceTitle "CB23_2025"]
[SourceDate "2025.06.04"]
[SourceVersion "1"]
[SourceVersionDate "2025.06.04"]
[SourceQuality "1"]

1. e4 g6 2. d4 d6 3. Nc3 a6 4. Be3 b5 5. Qd2 Nd7 6. f3 Nb6 7. a3 Bg7 8. h4 h5 9. Nh3 Bxh3 10. Rxh3 Nf6 11. 0-0-0 c6 12. e5 Nfd5 13. f4 Qd7 14. Ne4 Bh6 15. Ng5 Nc4 16. Bxc4 bxc4 17. c3 Rb8 18. Qc2 Qf5 19. Qxf5 gxf5 20. Rg3 Rg8 21. Bd2 f6 22. Rh3 fxg5 23. hxg5 Bg7 24. Rxh5 Kd7 25. Rh7 Nc7 26. Be3 d5 27. g4 Rbf8 28. Rf1 Ke6 29. gxf5+ Kxf5 30. Kd2 Kg6 31. f5+ Rxf5 0-1

[Event "Karlsruhe Grenke op"]
[Site "Karlsruhe"]
[Date "2025.04.18"]
[Round "2"]
[White "Ten Hertog, Hugo"]
[Black "Braeutigam, Alexander"]
[Result "1-0"]
[WhiteElo "2528"]
[BlackElo "2223"]
[PlyCount "113"]
[EventDate "2025.04.17"]
[EventType "swiss"]
[EventRounds "9"]
[EventCountry "GER"]
[SourceTitle "CB17_2025"]
[SourceDate "2025.04.23"]
[SourceVersion "1"]
[SourceVersionDate "2025.04.23"]
[SourceQuality "1"]

1. g3 c5 2. Bg2 Nf6 3. c3 Nc6 4. d3 d5 5. a3 a5 6. a4 e5 7. Bg5 Be7 8. Nf3 Be6 9. 0-0 0-0 10. Nfd2 Ne8 11. Bxe7 Qxe7 12. Na3 f5 13. e4 dxe4 14. dxe4 f4 15. Qe2 Nd6 16. Rfd1 Rad8 17. Bf1 Qg5 18. Qe1 fxg3 19. hxg3 h5 20. Ndc4 Nxc4 21. Bxc4 Bxc4 22. Nxc4 h4 23. Rxd8 Rxd8 24. Qe3 Qg4 25. Kg2 hxg3 26. fxg3 Rf8 27. Re1 Rf6 28. Qe2 Qg6 29. Qd3 Qg4 30. Qd1 Qg5 31. Qd5+ Kh7 32. Qxc5 Rh6 33. Qf2 Ne7 34. Rh1 Rxh1 35. Kxh1 Qg4 36. Qg2 Qd1+ 37. Kh2 Kg8 38. Qd2 Qh5+ 39. Kg2 Qg4 40. Qd3 Ng6 41. Kf2 Qh3 42. Ne3 Qh2+ 43. Ng2 Kh7 44. Qf3 Qh6 45. Ne3 Kg8 46. Qg4 Ne7 47. Qd7 Qf6+ 48. Kg2 Qg5 49. Qe6+ Kh8 50. Qh3+ Kg8 51. Qe6+ Kh8 52. Nc4 Ng6 53. Qc8+ Kh7 54. Qf5 Qh6 55. Nxe5 Qd2+ 56. Kh3 Qh6+ 57. Kg4 1-0

[Event "EU-Cup 39th"]
[Site "Vrnjacka Banja"]
[Date "2024.10.26"]
[Round "7.22"]
[White "Ten Hertog, Hugo"]
[Black "Maisuradze, Nino"]
[Result "1-0"]
[WhiteElo "2516"]
[BlackElo "2181"]
[PlyCount "71"]
[EventDate "2024.10.20"]
[EventType "team-swiss"]
[EventRounds "7"]
[EventCountry "SRB"]
[SourceTitle "CB45_2024"]
[Source "ChessBase"]
[SourceDate "2024.11.06"]
[SourceVersion "1"]
[SourceVersionDate "2024.11.06"]
[SourceQuality "1"]
[WhiteTeam "Paul Keres"]
[BlackTeam "D Ans Loncin"]
[WhiteTeamCountry "NED"]
[BlackTeamCountry "BEL"]

1. e4 c5 2. Nc3 Nc6 3. Nge2 e5 4. Ng3 d6 5. Bc4 a6 6. d3 b5 7. Bb3 g6 8. 0-0 Bg7 9. f4 Ra7 10. f5 Nd4 11. Nd5 Nxb3 12. axb3 f6 13. b4 Ne7 14. Be3 Nxd5 15. exd5 Rc7 16. bxc5 dxc5 17. c4 0-0 18. b3 Re8 19. Qf3 Qe7 20. Qf2 Qf8 21. fxg6 hxg6 22. Ne4 f5 23. Bxc5 Rxc5 24. Nxc5 e4 25. dxe4 bxc4 26. bxc4 Bxa1 27. Rxa1 Qg7 28. Re1 fxe4 29. Nxe4 Rf8 30. Qd2 Bf5 31. Nd6 Bg4 32. h3 Qc7 33. Ne4 Bf5 34. Qd4 Bxe4 35. Qxe4 Qc5+ 36. Kh1 1-0

[Event "EU-Cup 39th"]
[Site "Vrnjacka Banja"]
[Date "2024.10.25"]
[Round "6.1"]
[White "Alonso Rosell, Alvar"]
[Black "Ten Hertog, Hugo"]
[Result "1-0"]
[WhiteElo "2550"]
[BlackElo "2516"]
[PlyCount "79"]
[EventDate "2024.10.20"]
[EventType "team-swiss"]
[EventRounds "7"]
[EventCountry "SRB"]
[SourceTitle "CB44_2024"]
[Source "Chessbase"]
[SourceDate "2024.10.30"]
[SourceVersion "1"]
[SourceVersionDate "2024.10.30"]
[SourceQuality "1"]
[WhiteTeam "Silla Valencia"]
[BlackTeam "Paul Keres"]
[WhiteTeamCountry "ESP"]
[BlackTeamCountry "NED"]

1. Nf3 g6 2. g3 Bg7 3. Bg2 d6 4. 0-0 e5 5. c4 Ne7 6. Nc3 0-0 7. d3 c6 8. e4 c5 9. a3 Nbc6 10. Rb1 a5 11. Ne1 Bd7 12. Bd2 b6 13. Nc2 a4 14. Ne3 Nd4 15. f4 Nb3 16. Be1 Nc6 17. Nxa4 Rxa4 18. Qxb3 Nd4 19. Qd1 b5 20. Bc3 exf4 21. gxf4 b4 22. axb4 cxb4 23. Bd2 Ra2 24. Kh1 Ba4 25. Qc1 Qb8 26. f5 Nb3 27. Qe1 Rxb2 28. Rxb2 Bxb2 29. Bxb4 Nc1 30. Bd2 Nxd3 31. Qh4 Bc6 32. Ng4 h5 33. f6 hxg4 34. Bh6 Bxf6 35. Qxf6 Qb2 36. Qxd6 Ra8 37. Qxd3 Ra2 38. Qd8+ Kh7 39. Rxf7+ Kxh6 40. Qh4# 1-0

[Event "EU-Cup 39th"]
[Site "Vrnjacka Banja"]
[Date "2024.10.24"]
[Round "5.1"]
[White "Gkoumas, Georgios"]
[Black "Ten Hertog, Hugo"]
[Result "0-1"]
[WhiteElo "2446"]
[BlackElo "2516"]
[PlyCount "36"]
[EventDate "2024.10.20"]
[EventType "team-swiss"]
[EventRounds "7"]
[EventCountry "SRB"]
[SourceTitle "CB44_2024"]
[Source "Chessbase"]
[SourceDate "2024.10.30"]
[SourceVersion "1"]
[SourceVersionDate "2024.10.30"]
[SourceQuality "1"]
[WhiteTeam "OFI"]
[BlackTeam "Paul Keres"]
[WhiteTeamCountry "GRE"]
[BlackTeamCountry "NED"]

1. e4 c6 2. d4 d5 3. e5 Bf5 4. Nf3 e6 5. Be2 Nd7 6. 0-0 a5 7. a4 f6 8. c4 dxc4 9. Bxc4 fxe5 10. Re1 Bb4 11. Nc3 Ngf6 12. Nh4 Bg4 13. f3 Nd5 14. g3 Bh5 15. dxe5 0-0 16. Bd2 Be7 17. Re4 Bxh4 18. Rxh4 Qb6+ 0-1

[Event "EU-Cup 39th"]
[Site "Vrnjacka Banja"]
[Date "2024.10.20"]
[Round "1.1"]
[White "Nemeth, Zalan"]
[Black "Ten Hertog, Hugo"]
[Result "0-1"]
[WhiteElo "2225"]
[BlackElo "2516"]
[PlyCount "76"]
[EventDate "2024.10.20"]
[EventType "team-swiss"]
[EventRounds "7"]
[EventCountry "SRB"]
[SourceTitle "CB44_2024"]
[Source "Chessbase"]
[SourceDate "2024.10.30"]
[SourceVersion "1"]
[SourceVersionDate "2024.10.30"]
[SourceQuality "1"]
[WhiteTeam "Ennis"]
[BlackTeam "Paul Keres"]
[WhiteTeamCountry "IRL"]
[BlackTeamCountry "NED"]

1. d4 d5 2. c4 c6 3. Nc3 Nf6 4. e3 e6 5. Nf3 a6 6. Qc2 c5 7. dxc5 Bxc5 8. a3 dxc4 9. Bxc4 b5 10. Bd3 Nbd7 11. b4 Be7 12. 0-0 Bb7 13. Rd1 Rc8 14. Bb2 Rc7 15. Qe2 Qa8 16. Rac1 0-0 17. Na2 Rxc1 18. Rxc1 Nb6 19. Bd4 Nfd7 20. e4 Rd8 21. Qe3 Na4 22. h3 Qb8 23. Ba7 Qd6 24. e5 Qd5 25. Nc3 Nxc3 26. Rxc3 h6 27. Bf1 Nf8 28. Rd3 Qc6 29. Rxd8 Bxd8 30. Nd4 Qd5 31. f4 Ng6 32. Bc5 Nh4 33. g3 Qh1+ 34. Kf2 Bd5 35. Ne2 Nf3 36. Qd3 Qh2+ 37. Ke3 Nxe5 38. fxe5 Bg5+ 0-1

[Event "NED-ch KO"]
[Site "Utrecht"]
[Date "2024.07.06"]
[Round "1.1"]
[White "Bok, Benjamin"]
[Black "Ten Hertog, Hugo"]
[Result "1-0"]
[WhiteElo "2587"]
[BlackElo "2524"]
[PlyCount "51"]
[EventDate "2024.07.06"]
[EventType "k.o."]
[EventRounds "4"]
[EventCountry "NED"]
[SourceTitle "CBM 221 Extra"]
[Source "ChessBase"]
[SourceDate "2024.09.30"]
[SourceVersion "1"]
[SourceVersionDate "2024.09.30"]
[SourceQuality "1"]

1. c4 e6 2. g3 d5 3. Bg2 Nf6 4. Nf3 dxc4 5. Qa4+ Bd7 6. Qxc4 c5 7. Ne5 Qc8 8. Qd3 Bc6 9. Nxc6 Nxc6 10. Nc3 Be7 11. b3 0-0 12. Bb2 Rd8 13. Qc2 h5 14. Rd1 h4 15. Ne4 Nd5 16. Rc1 b6 17. 0-0 Qa6 18. d3 Qxa2 19. Ra1 Ncb4 20. Qd2 Qxb3 21. Rfc1 h3 22. Bxh3 Nc6 23. Rcb1 Qb4 24. Qd1 Nd4 25. e3 Nf5 26. Be5 1-0

[Event "Utrecht OKU op 49th"]
[Site "Utrecht"]
[Date "2024.05.11"]
[Round "3"]
[White "Ten Hertog, Hugo"]
[Black "Labruyere, Roger"]
[Result "1-0"]
[WhiteElo "2524"]
[BlackElo "2268"]
[PlyCount "65"]
[EventDate "2024.05.10"]
[EventType "swiss"]
[EventRounds "6"]
[EventCountry "NED"]
[SourceTitle "CBM 220 Extra"]
[Source "ChessBase"]
[SourceDate "2024.07.31"]
[SourceVersion "1"]
[SourceVersionDate "2024.07.31"]
[SourceQuality "1"]

1. Nf3 d5 2. e3 Nf6 3. c4 e6 4. b3 Be7 5. Bb2 0-0 6. Nc3 c5 7. cxd5 exd5 8. Rc1 d4 9. Na4 dxe3 10. dxe3 b6 11. Qc2 Nc6 12. a3 Na5 13. Ng5 g6 14. Rd1 Qe8 15. h4 Bg4 16. f3 Bf5 17. e4 Bd7 18. Nc3 h6 19. Nd5 Nxd5 20. Rxd5 hxg5 21. hxg5 f6 22. Qf2 Bc6 23. Qh4 Kf7 24. gxf6 Rh8 25. Qf4 Bd8 26. Rxh8 Qxh8 27. Rd1 Qh1 28. e5 Bb5 29. Kf2 Bxf1 30. e6+ Kxe6 31. Qe5+ Kf7 32. Rd7+ Kf8 33. Rxd8+ 1-0

[Event "Titled Tuesday intern op 02nd Jan Early"]
[Site "Chess.com INT"]
[Date "2024.01.02"]
[Round "1"]
[White "Ten Hertog, Hugo"]
[Black "Coca Cubillos, Jesus Alberto"]
[Result "1-0"]
[WhiteElo "2523"]
[BlackElo "1944"]
[PlyCount "79"]
[EventDate "2024.01.02"]
[EventType "swiss (blitz)"]
[EventRounds "11"]
[EventCountry "USA"]
[SourceTitle "EXT 2025"]
[Source "ChessBase"]
[SourceDate "2024.10.14"]
[SourceVersion "1"]
[SourceVersionDate "2024.10.14"]
[SourceQuality "1"]

1. g3 g6 2. Bg2 Bg7 3. e4 Nh6 4. d4 d6 5. f4 0-0 6. Nf3 e6 7. 0-0 Kh8 8. c4 Nc6 9. Nc3 f6 10. d5 Ne7 11. dxe6 Bxe6 12. Qd3 Nc6 13. b3 Qd7 14. Bb2 Rae8 15. Nd5 f5 16. Bxg7+ Qxg7 17. Ng5 Bg8 18. Rae1 fxe4 19. Bxe4 Nf7 20. Nf3 Nfd8 21. a3 Ne6 22. b4 Ncd4 23. Nxd4 Nxd4 24. Nxc7 Qxc7 25. Qxd4+ Qg7 26. Qxg7+ Kxg7 27. Bxb7 Bxc4 28. Rxe8 Rxe8 29. Rd1 Re3 30. a4 Ra3 31. Bc6 Rb3 32. Rxd6 Rxb4 33. Rd7+ Kh6 34. Rxa7 g5 35. Rb7 Rxb7 36. Bxb7 gxf4 37. gxf4 Kg6 38. Kf2 Kf5 39. Ke3 h5 40. a5 1-0